Spirit Faces (Record no. 9053)

MARC details
000 -CABECERA
campo de control de longitud fija 00936nam a2200265 a 4500
001 - NÚMERO DE CONTROL
campo de control BRL_240
005 - FECHA Y HORA DE LA ÚLTIMA TRANSACCIÓN
campo de control 20190320210641.0
008 - DATOS DE LONGITUD FIJA--INFORMACIÓN GENERAL
campo de control de longitud fija 010713s1995----u--a######---#000-0#eng-#
020 ## - NÚMERO INTERNACIONAL ESTÁNDAR DEL LIBRO
Número Internacional Estándar del Libro 0811808262
041 ## - CÓDIGO DE LENGUA
Código de lengua del texto/banda sonora o título independiente eng
044 ## - CÓDIGO DEL PAÍS DE LA ENTIDAD EDITORA/PRODUCTORA
Código MARC del país u
050 #4 - SIGNATURA TOPOGRÁFICA DE LA BIBLIOTECA DEL CONGRESO
Número de clasificación E78.N78
Número de documento/Ítem .W93 1995
100 1# - ENTRADA PRINCIPAL--NOMBRE DE PERSONA
Nombre de persona Wyatt, Gary
Fechas asociadas al nombre 1958-
9 (RLIN) 23330
245 10 - MENCIÓN DE TÍTULO
Título Spirit Faces
Resto del título Contemporary Native American Masks from the Northwest
Mención de responsabilidad, etc. Gary Wyatt.
260 ## - PUBLICACIÓN, DISTRIBUCIÓN, ETC.
Lugar de publicación, distribución, etc. San Francisco, California
Nombre del editor, distribuidor, etc. Chronicle Books
Fecha de publicación, distribución, etc. 1995
300 ## - DESCRIPCIÓN FÍSICA
Extensión viii, 135 p.
Otras características físicas il. a color, mapa
Dimensiones 26 cm.
500 ## - NOTA GENERAL
Nota general Incluye notas biográficas
500 ## - NOTA GENERAL
Nota general First published in Canada in 1994 by Douglas & McIntyre, Vancouver
500 ## - NOTA GENERAL
Nota general Estado físico: lomo por desprenderse
500 ## - NOTA GENERAL
Nota general Au308
650 14 - PUNTO DE ACCESO ADICIONAL DE MATERIA--TÉRMINO DE MATERIA
Término de materia o nombre geográfico como elemento de entrada Máscaras indígenas
Subdivisión geográfica Costa Noroeste de América del Norte
9 (RLIN) 23331
650 14 - PUNTO DE ACCESO ADICIONAL DE MATERIA--TÉRMINO DE MATERIA
Término de materia o nombre geográfico como elemento de entrada Indígenas de América del Norte
Subdivisión geográfica Costa Noroeste de América del Norte
9 (RLIN) 23332
902 ## - CATALOGADOR
Iniciales GRL
942 ## - ELEMENTOS DE PUNTO DE ACCESO ADICIONAL (KOHA)
Fuente del sistema de clasificación o colocación Library of Congress Classification
Tipo de ítem Koha Libros
Holdings
Estado de retiro Estado de pérdida Estado dañado No para préstamo Localización permanente Ubicación/localización actual Fecha de adquisición Número de inventario Total de préstamos Signatura topográfica completa Código de barras Fecha visto por última vez Precio válido a partir de Tipo de ítem Koha
El ejemplar forma parte de la colección y puede ser consultado según las políticas vigentes.       Biblioteca Centro de Estudios Ruth D. Lechuga Biblioteca Centro de Estudios Ruth D. Lechuga 01/07/2013 Au308   E78.N78 .W93 1995 (Au308) GRL00254 22/03/2019 22/03/2019 Libros